[Event "HUN-chT 2017-18"]
[Site "Budapest"]
[Date "2018.05.05"]
[Round "8"]
[White "Marosi, Levente"]
[Black "Papp, Gabor"]
[Result "0-1"]
[WhiteElo "2277"]
[BlackElo "2592"]
[Annotator "TA"]
[PlyCount "168"]
[EventDate "2018.??.??"]
[EventType "team-tourn"]
[EventCountry "HUN"]
[SourceTitle "playchess.com"]
[Source "ChessBase"]
[SourceQuality "1"]

{[%evp 17,168,26,16,-68,-72,-82,-60,-71,-70,-65,-87,-95,-41,-34,-36,-33,-33,-22,-20,-28,-17,-45,-51,-55,-24,-30,-27,-41,-41,-44,-43,-39,-35,-47,-42,-70,-46,-77,-41,-71,-16,-104,-109,-100,-110,-102,-125,-110,-109,-110,-110,-97,-33,-89,-116,-127,-43,-43,0,0,0,0,0,0,0,0,0,0,88,0,0,0,14,0,0,0,0,0,0,-8,-8,-8,-8,-8,-7,-9,-7,-7,0,-8,-7,-7,0,0,0,-7,-7,-8,-8,-10,0,0,0,0,0,0,0,0,0,0,0,0,0,0,0,0,0,0,0,0,0,0,0,0,0,0,0,0,0,0,0,-8,-14,-99,-99,-99,-101,-105,-105,-111,-25,-1998,-1998,-1049,-971,-29953,-29955,-29961,-5110,-6079,-5073,-4602,-1080]} 1. e4 c5 2. Nf3 d6 3. d4 cxd4 4. Nxd4 Nf6 5. f3 e5 6. Nb3 Nc6 7. Nc3 Be7 8. Be3 O-O 9. Qd2 a5 {LiveBook: 429 Games} 10. Nd5 {B56: Classical Sicilian: Unusual Lines} (10. Bb5 $11) (10. Bb5 Be6 11. O-O Na7 12. Be2 Nc8 13. Bb5 Na7 14. Be2 Nc8 15. Bb5 {½-½ (15) Carlsen,M (2840)-Grischuk,A (2737) Doha 2016}) 10... Nxd5 $15 11. exd5 a4 12. Nc1 {[#]Black is slightly better.} Nd4 $1 {[%mdl 512]} 13. Bd3 (13. Bxd4 exd4) 13... Bh4+ $146 ({Predecessor:} 13... Nf5 14. Bxf5 Bxf5 15. Ne2 Qc7 16. Rc1 Qc4 17. b3 Qh4+ 18. Ng3 Bg6 19. O-O Bd8 20. c4 axb3 21. axb3 f5 22. f4 Qe7 23. Qb4 Ba5 24. Qa4 exf4 {0-1 (24) Sigalas,F (2306)-Gkogkas,D (2149) Athens 2005}) 14. Bf2 Bg5 (14... Bxf2+ $17 15. Qxf2 Qa5+ 16. c3 Nf5) 15. Qb4 $1 Bxc1 16. Rxc1 Qg5 {[%cal Rg5c1]} 17. O-O Bh3 {[%csl Gh3][%cal Rg5g2]} 18. Bg3 Bf5 19. Rcd1 Bxd3 20. Rxd3 Qg6 {Hoping for ...Rfc8.} 21. Qd2 $1 Rfc8 22. c3 Nf5 23. Bf2 b5 24. Re1 Rc4 25. Re4 Ne7 26. Qe2 Rac8 27. Rd1 f6 28. Qd3 {[#]} a3 $1 {[%mdl 512]} 29. bxa3 (29. Rxc4 $11 bxc4 30. Qe2) 29... Rxc3 $17 30. Qxb5 Rxf3 $1 ({Don't play} 30... Rxa3 $6 31. Qd7 $11) 31. Rc4 Rxc4 32. Qxc4 h5 ({Much worse is} 32... Rxa3 $6 33. Bc5 $1 $11 {[%mdl 512]}) 33. a4 Rf4 34. Qb3 Qg4 (34... Qe4 $17 {Threatens to win with ...Rg4.} 35. a5 Qe2) 35. a5 (35. h3 $1 $15 Qe2 36. Bg3) 35... Qe2 36. Bg3 {[#]} Rg4 ({Black should play} 36... Rb4 $1 $17 {[%cal Rb4b3][%mdl 512]} 37. Qxb4 Qxd1+ 38. Be1 Nxd5) 37. Re1 $15 Qd2 (37... Qa6 $5 {[%cal Ra6a5]} 38. h3 Rg6 $17) 38. a6 Qa5 $1 {[%cal Ra5a6]} 39. Qb8+ Kh7 {...Rxg3! is the strong threat.} 40. a7 Ra4 41. Bf2 Rxa2 42. Qxd6 Ra1 {[#]} (42... Rxf2 $11 {keeps the balance.} 43. Kxf2 Qxa7+ 44. Kf1 Qb7) 43. Rf1 ({White should try} 43. Qb4 $1 $16 {[%cal Rb4a5]} Nc8 44. Qxa5 Rxa5 45. Rc1 Nxa7 46. d6) 43... Nxd5 $11 44. g3 Ra2 45. Qe6 {[#]} Rxf2 $1 {[%mdl 512]} 46. Rxf2 {[%mdl 4096] Endgame KQR-KQN} (46. Kxf2 $2 {loses.} Qxa7+ 47. Kg2 Ne3+ 48. Kf2 Qd4 $19) 46... Ne3 47. Re2 {Strongly threatening Qa2.} Qxa7 {aiming for ...Nc2+.} 48. Qb3 Nc2+ 49. Kg2 Qa8+ 50. Kf2 $132 {[%mdl 2048] White is not keeping still} Nd4 51. Qd3+ g6 52. Re1 Kg7 53. Qe4 Qa2+ 54. Kg1 Qd2 55. Rf1 Nf5 56. Rf2 Qc1+ 57. Rf1 $1 {[%cal Rf1c1]} Qc5+ 58. Kh1 Ne3 59. Re1 Ng4 60. Qb7+ Kh6 {White must now prevent ...Qf2.} 61. Qf3 Qb4 62. Qe2 {White wants to play h3.} Qb7+ 63. Kg1 {Black should prevent h3.} Qb6+ 64. Kg2 {Threatening h3.} Qc6+ 65. Qe4 Qc5 66. Qf3 Qb4 67. Qe4 Qb6 {( -> ...Qf2+)} 68. Qe2 Kg7 69. h3 Nh6 70. Qf2 Qb7+ 71. Qf3 Qc7 72. Rf1 Nf5 73. Rf2 Qb6 (73... h4 $5 74. g4 $8 e4 $11) 74. Kh2 h4 75. gxh4 (75. g4 $11 Nd4 76. Qa3) 75... Nxh4 $17 76. Qg3 g5 77. Rd2 Qc6 78. Rf2 e4 (78... Qc5 $17 {And now ...e4 would win.} 79. Rd2 e4) 79. Re2 $2 {[%mdl 8192]} (79. Qb8 $11) 79... Nf3+ $19 80. Kg2 Nd4 81. Ra2 e3+ $1 82. Kg1 e2 (82... Qb7 $142 83. Rg2 Nf3+ 84. Kh1 Qb1+ 85. Rg1 Qxg1+ 86. Qxg1 Nxg1 87. Kxg1 Kg6 88. Kg2 f5 89. Kf3 f4 90. Ke2 Kh5 91. h4 gxh4 92. Kd3 h3 93. Kd4 e2 94. Kc3 e1=Q+ 95. Kd4 h2 96. Kc5 h1=Q 97. Kb6 Qe5 98. Ka7 Qc7+ 99. Ka6 Qf1#) 83. Kf2 {[#]} e1=Q+ $1 {[%mdl 512]} 84. Kxe1 Qe6+ {Precision: White = 48%, Black = 54%.} 0-1

[Event "HUN-chT 2017-18"]
[Site "Budapest"]
[Date "2018.05.05"]
[Round "8"]
[White "Geher, Koppany"]
[Black "Balazs, Gabor"]
[Result "1/2-1/2"]
[WhiteElo "2257"]
[BlackElo "2397"]
[Annotator "NA"]
[PlyCount "118"]
[EventDate "2018.??.??"]
[EventType "team-tourn"]
[EventCountry "HUN"]
[SourceTitle "playchess.com"]
[Source "ChessBase"]
[SourceQuality "1"]
[TimeControl "40/5400+30:1800+30"]

1. e4 {[%emt 0:00:08]} c5 {[%emt 0:00:37]} 2. Nf3 {[%emt 0:00:04]} e6 {[%emt 0:00:08]} 3. d4 {[%emt 0:00:05]} cxd4 {[%emt 0:00:05]} 4. Nxd4 {[%emt 0:00:04]} Nc6 {[%emt 0:00:07]} 5. Nc3 {[%emt 0:00:07]} Qc7 {[%emt 0:00:07]} 6. Be3 {[%emt 0:00:18]} a6 {[%emt 0:00:06]} 7. a3 {[%emt 0:00:12]} Nf6 {[%emt 0:00:42]} 8. f4 {[%emt 0:00:40]} d6 {[%emt 0:02:20]} 9. Qf3 {[%emt 0:00:52]} Nxd4 {[%emt 0:02:01]} 10. Bxd4 {[%emt 0:00:29]} e5 {[%emt 0:00:09]} 11. fxe5 {[%emt 0:04:17]} dxe5 {[%emt 0:00:17]} 12. Qg3 {[%emt 0:01:35]} Bd6 {[%emt 0:09:50]} 13. Qxg7 {[%emt 0:03:01]} exd4 {[%emt 0:01:41]} 14. Qxh8+ {[%emt 0:00:57]} Bf8 {[%emt 0:04:46]} 15. Qxf6 {[%emt 0:15:28]} dxc3 {[%emt 0:00:12]} 16. Qxc3 {[%emt 0:13:04]} Qxc3+ {[%emt 0:02:56]} 17. bxc3 {[%emt 0:00:58]} Bg7 {[%emt 0:00:01]} 18. O-O-O {[%emt 0:07:59]} Bxc3 {[%emt 0:00:23]} 19. Bc4 {[%emt 0:04:29]} b5 {[%emt 0:00:29]} 20. Bb3 {[%emt 0:04:26]} Be5 {[%emt 0:06:04]} 21. h3 {[%emt 0:07:15]} f6 {[%emt 0:03:39]} 22. Rd3 {[%emt 0:02:37]} Ra7 {[%emt 0:03:30]} 23. Rhd1 {[%emt 0:04:02]} Bd7 {[%emt 0:00:08]} 24. Bg8 {[%emt 0:03:21]} h6 {[%emt 0:03:23]} 25. Bh7 {[%emt 0:02:00]} Ke7 {[%emt 0:00:12]} 26. Bf5 {[%emt 0:01:37]} Be8 {[%emt 0:01:43]} 27. g4 {[%emt 0:12:35]} a5 {[%emt 0:01:04]} 28. Rd5 {[%emt 0:08:20]} b4 {[%emt 0:01:26]} 29. Rxe5+ {[%emt 0:02:05]} fxe5 {[%emt 0:00:20]} 30. axb4 {[%emt 0:00:05]} axb4 {[%emt 0:02:51]} 31. Rd5 {[%emt 0:00:16]} Rc7 {[%emt 0:24:44]} 32. Rxe5+ {[%emt 0:00:13]} Kf8 {[%emt 0:00:04]} 33. Be6 {[%emt 0:02:08]} Rc3 {[%emt 0:01:06]} 34. Bb3 {[%emt 0:00:35]} Rxh3 {[%emt 0:00:14]} 35. Rf5+ {[%emt 0:00:28]} Ke7 {[%emt 0:00:23]} 36. e5 {[%emt 0:00:31]} Re3 {[%emt 0:02:24]} 37. g5 {[%emt 0:00:35]} hxg5 {[%emt 0:07:17]} 38. Rxg5 {[%emt 0:00:01]} Bd7 {[%emt 0:01:04]} 39. Rg7+ {[%emt 0:00:27]} Kd8 {[%emt 0:00:41]} 40. Rg5 {[%emt 0:00:00]} Ke7 {[%emt 0:00:14]} 41. Kd2 {[%emt 0:05:18]} Re4 {[%emt 0:00:33]} 42. Kd3 {[%emt 0:00:31]} Rh4 {[%emt 0:03:50]} 43. Rg7+ {[%emt 0:02:47]} Ke8 {[%emt 0:01:13]} 44. e6 {[%emt 0:01:55]} Bc6 {[%emt 0:06:27]} 45. Rc7 {[%emt 0:02:43]} Bb5+ {[%emt 0:00:30]} 46. Ke3 {[%emt 0:00:48]} Kd8 {[%emt 0:01:08]} 47. Rf7 {[%emt 0:02:00]} Bc6 {[%emt 0:02:44]} 48. Rf4 {[%emt 0:02:17]} Rxf4 {[%emt 0:00:18]} 49. Kxf4 {[%emt 0:00:02]} Ke7 {[%emt 0:00:13]} 50. Ke5 {[%emt 0:00:22]} Be8 {[%emt 0:00:22]} 51. Bd5 {[%emt 0:02:47]} Ba4 {[%emt 0:00:38]} 52. Bb3 {[%emt 0:04:02]} Be8 {[%emt 0:00:05]} 53. Kf5 {[%emt 0:05:35]} Bc6 {[%emt 0:00:22]} 54. Kf4 {[%emt 0:00:35]} Be8 {[%emt 0:00:12]} 55. Ke3 {[%emt 0:00:04]} Bg6 {[%emt 0:00:21]} 56. Kd2 {[%emt 0:00:01]} Bf5 {[%emt 0:00:15]} 57. Ke3 {[%emt 0:01:09]} Bxc2 {[%emt 0:00:11]} 58. Bxc2 {[%emt 0:00:03]} Kxe6 {[%emt 0:00:04]} 59. Kd4 {[%emt 0:00:05]} Kd6 {[%emt 0:00:37]} 1/2-1/2

[Event "HUN-chT 2017-18"]
[Site "Budapest"]
[Date "2018.05.05"]
[Round "8"]
[White "Biro, David"]
[Black "Lakos, Nikoletta"]
[Result "0-1"]
[WhiteElo "2244"]
[BlackElo "2273"]
[Annotator "NA"]
[PlyCount "102"]
[EventDate "2018.??.??"]
[EventType "team-tourn"]
[EventCountry "HUN"]
[SourceTitle "playchess.com"]
[Source "ChessBase"]
[SourceQuality "1"]
[TimeControl "40/5400+30:1800+30"]

1. Nf3 {[%emt 0:00:09]} d6 {[%emt 0:01:57]} 2. g3 {[%emt 0:00:13]} e5 {[%emt 0:02:40]} 3. d3 {[%emt 0:00:36]} c6 {[%emt 0:03:47]} 4. Bg2 {[%emt 0:00:52]} h6 {[%emt 0:01:46]} 5. O-O {[%emt 0:00:06]} Be6 {[%emt 0:01:07]} 6. b3 {[%emt 0:05:17]} Qd7 {[%emt 0:04:51]} 7. Nbd2 {[%emt 0:02:23]} Nf6 {[%emt 0:04:32]} 8. e4 {[%emt 0:00:11]} Bg4 {[%emt 0:17:59]} 9. Nc4 {[%emt 0:01:24]} Be7 {[%emt 0:18:42]} 10. Ne3 {[%emt 0:11:29]} Be6 {[%emt 0:00:31]} 11. Bb2 {[%emt 0:04:41]} Ng4 {[%emt 0:18:05]} 12. Nf5 {[%emt 0:23:08]} Bxf5 {[%emt 0:02:43]} 13. exf5 {[%emt 0:00:02]} Qxf5 {[%emt 0:05:19]} 14. h3 {[%emt 0:00:49]} Nf6 {[%emt 0:00:21]} 15. Nd2 {[%emt 0:13:51]} O-O {[%emt 0:01:02]} 16. f4 {[%emt 0:02:32]} exf4 {[%emt 0:02:12]} 17. Rxf4 {[%emt 0:00:18]} Qg6 {[%emt 0:02:10]} 18. Kh2 {[%emt 0:02:38]} Nbd7 {[%emt 0:00:20]} 19. Nf3 {[%emt 0:01:06]} Qh5 {[%emt 0:03:13]} 20. g4 {[%emt 0:07:00]} Qa5 {[%emt 0:01:10]} 21. Rf5 {[%emt 0:03:19]} Qc7 {[%emt 0:00:39]} 22. Qe1 {[%emt 0:02:26]} d5+ {[%emt 0:00:51]} 23. Kh1 {[%emt 0:00:21]} Rfe8 24. Qd2 {[%emt 0:02:11]} Nh7 {[%emt 0:03:48]} 25. Rf1 {[%emt 0:03:36]} f6 {[%emt 0:01:12]} 26. Nh4 {[%emt 0:05:04]} Qg3 {[%emt 0:00:10]} 27. Qf2 {[%emt 0:04:42]} Qxf2 {[%emt 0:00:25]} 28. R5xf2 {[%emt 0:00:22]} Bc5 {[%emt 0:00:18]} 29. d4 {[%emt 0:00:20]} Bf8 {[%emt 0:00:48]} 30. c4 {[%emt 0:00:16]} dxc4 {[%emt 0:00:26]} 31. bxc4 {[%emt 0:00:01]} Nb6 {[%emt 0:00:24]} 32. Rc2 {[%emt 0:02:32]} Ng5 {[%emt 0:00:52]} 33. d5 {[%emt 0:01:31]} Ne4 {[%emt 0:00:34]} 34. Rd1 {[%emt 0:00:57]} Nxc4 {[%emt 0:01:39]} 35. Nf5 cxd5 {[%emt 0:00:28]} 36. Rxd5 {[%emt 0:00:46]} Nxb2 {[%emt 0:00:33]} 37. Rxb2 {[%emt 0:00:07]} Nc5 {[%emt 0:00:23]} 38. Nd6 {[%emt 0:00:49]} Bxd6 {[%emt 0:00:45]} 39. Rxd6 {[%emt 0:00:02]} Rab8 {[%emt 0:00:38]} 40. Bd5+ {[%emt 0:00:00]} Kh8 {[%emt 0:00:08]} 41. Rc2 {[%emt 0:01:40]} b6 {[%emt 0:00:19]} 42. Bf7 {[%emt 0:01:24]} Red8 {[%emt 0:11:36]} 43. Rc6 {[%emt 0:01:26]} Rd1+ {[%emt 0:13:15]} 44. Kg2 {[%emt 0:02:06]} Rbd8 {[%emt 0:01:33]} 45. Bg6 {[%emt 0:02:34]} Nd3 {[%emt 0:01:23]} 46. Bxd3 {[%emt 0:05:25]} R8xd3 {[%emt 0:00:03]} 47. Re2 {[%emt 0:00:38]} R1d2 {[%emt 0:02:01]} 48. Rc2 {[%emt 0:01:02]} Rxe2+ {[%emt 0:00:45]} 49. Rxe2 {[%emt 0:00:01]} Ra3 {[%emt 0:00:34]} 50. h4 {[%emt 0:00:25]} h5 {[%emt 0:00:23]} 51. gxh5 {[%emt 0:00:52]} Kh7 {[%emt 0:00:01]} 0-1

[Event "HUN-chT 2017-18"]
[Site "Budapest"]
[Date "2018.05.05"]
[Round "8"]
[White "Borhy, Marcell"]
[Black "Reskone dr., Timko Melinda"]
[Result "1-0"]
[WhiteElo "2226"]
[BlackElo "2024"]
[Annotator "NA"]
[PlyCount "63"]
[EventDate "2018.??.??"]
[EventType "team-tourn"]
[EventCountry "HUN"]
[SourceTitle "playchess.com"]
[Source "ChessBase"]
[SourceQuality "1"]
[TimeControl "40/5400+30:1800+30"]

1. d4 {[%emt 0:00:04]} Nf6 {[%emt 0:00:52]} 2. c4 {[%emt 0:00:10]} c6 {[%emt 0:02:08]} 3. Nc3 {[%emt 0:01:52]} d5 {[%emt 0:01:20]} 4. cxd5 {[%emt 0:01:18]} cxd5 {[%emt 0:00:24]} 5. Bf4 {[%emt 0:00:13]} e6 {[%emt 0:11:27]} 6. e3 {[%emt 0:00:22]} Bd7 {[%emt 0:08:43]} 7. Qb3 {[%emt 0:05:18]} Nc6 {[%emt 0:10:58]} 8. Qxb7 {[%emt 0:07:29]} Bb4 {[%emt 0:18:11]} 9. Bc7 {[%emt 0:10:15]} Qc8 {[%emt 0:17:12]} 10. Ba6 {[%emt 0:00:09]} O-O {[%emt 0:00:50]} 11. Rc1 {[%emt 0:08:21]} Qe8 {[%emt 0:06:42]} 12. Nge2 {[%emt 0:05:14]} Qe7 {[%emt 0:04:15]} 13. a3 {[%emt 0:03:05]} Ba5 {[%emt 0:04:09]} 14. Bb5 {[%emt 0:04:43]} Rab8 {[%emt 0:02:35]} 15. Bxb8 {[%emt 0:00:40]} Rxb8 {[%emt 0:00:10]} 16. Bxc6 {[%emt 0:02:59]} Rxb7 {[%emt 0:00:10]} 17. Bxb7 {[%emt 0:00:01]} Bb5 {[%emt 0:03:26]} 18. b4 {[%emt 0:02:23]} Bxb4 {[%emt 0:01:13]} 19. axb4 {[%emt 0:00:08]} Bxe2 {[%emt 0:00:13]} 20. Nxd5 {[%emt 0:06:25]} Qxb7 {[%emt 0:00:24]} 21. Rc8+ {[%emt 0:00:13]} Qxc8 {[%emt 0:00:52]} 22. Ne7+ {[%emt 0:00:09]} Kf8 {[%emt 0:00:24]} 23. Nxc8 {[%emt 0:00:02]} Ba6 {[%emt 0:00:11]} 24. Nxa7 {[%emt 0:00:16]} Ke7 {[%emt 0:01:02]} 25. b5 {[%emt 0:01:26]} Bb7 {[%emt 0:00:09]} 26. O-O {[%emt 0:00:33]} Nd7 {[%emt 0:01:17]} 27. Rc1 {[%emt 0:00:13]} Kd6 {[%emt 0:00:13]} 28. Nc8+ {[%emt 0:00:42]} Kd5 {[%emt 0:01:57]} 29. e4+ {[%emt 0:00:18]} Kxd4 {[%emt 0:00:37]} 30. Rd1+ {[%emt 0:00:01]} Ke5 {[%emt 0:00:57]} 31. Rxd7 {[%emt 0:00:09]} Bxc8 {[%emt 0:00:10]} 32. Rc7 {[%emt 0:00:08]} 1-0

[Event "HUN-chT 2017-18"]
[Site "Budapest"]
[Date "2018.05.05"]
[Round "8"]
[White "Karacsonyi, Gellert"]
[Black "Aczel, Gergely"]
[Result "1-0"]
[WhiteElo "2208"]
[BlackElo "2567"]
[Annotator "TA"]
[PlyCount "171"]
[EventDate "2018.??.??"]
[EventType "team-tourn"]
[EventCountry "HUN"]
[SourceTitle "playchess.com"]
[Source "ChessBase"]
[SourceQuality "1"]

{[%evp 9,171,41,42,38,40,50,57,52,75,69,72,49,82,41,35,35,89,75,100,45,101,106,330,306,275,20,8,0,0,0,0,17,28,0,0,0,90,22,29,29,16,0,0,0,0,0,0,0,0,0,0,0,0,-28,70,72,62,31,227,222,372,366,366,366,366,362,358,319,318,296,261,268,392,389,408,389,332,272,372,300,408,408,471,412,404,402,962,961,879,835,787,754,739,412,412,412,741,703,12832,12831,12837,412,12838,12835,12836,12836,12837,12837,12837,12838,12838,12839,12839,12836,12838,0,12837,0,12838,12839,12840,12839,12841,12839,12841,12841,12842,12843,12843,12842,12844,12843,12844,12844,12845,12844,12845,12846,12847,12846,12849,12847,12847,12846,12846,12846,12846,12847,12847,12847,12847,12846,12846,0,12847,12847,12848,12848,12849,12849,12850,12850,12850,29984]} 1. e4 g6 2. d4 Bg7 3. Nc3 a6 4. Nf3 (4. f4 b5 5. Nf3 d6 6. Bd3 Nd7 7. e5 c5 8. Be4 Rb8 9. Be3 b4 10. Ne2 Nh6 11. dxc5 Nxc5 12. Bxc5 dxc5 13. Bc6+ Bd7 14. Qd5 Rc8 15. Bxd7+ Qxd7 16. Qxd7+ Kxd7 {1-0 (41) Yu,Y (2760)-Adhiban,B (2655) chess.com INT 2018}) 4... b5 {[%cal Bb7b5,Bb5b4][%mdl 32]} 5. a4 b4 $1 {[%cal Rb4c3] LiveBook: 4 Games} 6. Na2 {B06: Modern Defence} Bb7 $146 ({Predecessor:} 6... a5 7. c3 Nf6 8. e5 Nd5 9. Be2 Na6 10. O-O O-O 11. c4 {½-½ (44) Dobrovolsky,L (2389)-Stonawski,I (2030) Tatranske Zruby 2002}) 7. Bd3 a5 8. O-O {White is slightly better.} d6 9. c3 bxc3 10. bxc3 Nd7 11. Ng5 {Hoping for Qb3.} e6 12. f4 {[%cal Bf2f4,Bf4g5][%mdl 32]} Bf6 (12... Nh6 $14) 13. Rb1 Nb6 14. e5 (14. Qe2 $16) 14... Bxg5 (14... Be7 $1 $14) 15. fxg5 $16 {aiming for exd6.} dxe5 $2 {[#]} (15... Ne7 $16 {might work better.}) 16. Bb5+ $1 $18 (16. dxe5 Ba6 $14) 16... Kf8 17. Ba3+ $2 (17. dxe5 Qxd1 18. Ba3+ (18. Rxd1 Bd5 $11) 18... Ne7 $16) (17. Qe1 $18 Ne7 18. Qxe5) 17... Kg7 $11 18. Qe2 Qxg5 19. Bc1 Qe7 20. Qxe5+ f6 21. Qg3 Be4 22. Rb2 Rf8 (22... h5 $11 {keeps the balance.}) 23. Re2 ({Better is} 23. c4 $16 {Threatens to win with Re2.} Bf5 24. Nc3) 23... Bd5 24. c4 Nxc4 25. Bxc4 Bxc4 26. Rc2 $1 Bxf1 27. Rxc7 {[#]} Qxc7 $1 28. Qxc7+ Rf7 29. Qxa5 Bc4 30. Nc3 $36 {[%mdl 2048] White has the initiative.} Ne7 31. Ne4 {Strongly threatening Nd6.} Nf5 (31... Nc6 $11 32. Qc3 Bd5) 32. g4 $14 Nxd4 {And now ...Ne2+ would win.} 33. Bb2 e5 $2 (33... Bd5 $1 $14 34. Bxd4 Bxe4) 34. Nd6 $18 Be6 (34... h5 $142 35. Bxd4 (35. Nxf7 Bxf7 36. Bxd4 exd4 $16) 35... exd4 36. Nxc4 Rc8) 35. Nxf7 Bxf7 36. Bxd4 exd4 {[%mdl 4096] Endgame KQ-KRB} 37. Qb6 Rc8 38. Qxd4 Rc4 39. Qd7 Rc1+ 40. Kf2 Ra1 (40... Rc5 $142 41. Qa7 Rc2+ 42. Ke1 Rc1+ 43. Kd2 Rh1) 41. h4 h6 42. Ke3 Re1+ 43. Kd2 Re5 44. Kc3 h5 45. g5 Rd5 46. gxf6+ Kxf6 47. Qc7 Rf5 (47... Be6 $142 48. a5 Rd1) 48. a5 Bd5 49. a6 Bf3 50. a7 Bh1 51. Kd4 Rd5+ 52. Ke3 Re5+ (52... Rf5 $142 53. Qd8+ Kg7) 53. Kf4 {Intending Qd6+ and mate.} Rf5+ 54. Kg3 Bd5 55. Qd8+ (55. Qd7 $142 Bh1 56. Qd8+ Kg7 57. a8=Q Bxa8 58. Qxa8) 55... Kf7 {[#]} (55... Kg7 $142 56. Qxd5 Rxd5) 56. Qxd5+ $1 {[%mdl 512]} Rxd5 57. a8=Q {KQ-KR} Rf5 58. Qh8 Rf1 59. Qh7+ Kf8 60. Kg2 Rf6 61. Kh2 Rf2+ 62. Kg3 Rf1 63. Kh2 Rf2+ {[#]} 64. Kg1 $1 {[%cal Rg1f2]} Rf7 65. Qh8+ Ke7 66. Qg8 Kf6 67. Kf2 Re7 68. Kf3 Re6 69. Kf4 {[%cal Rg8f8]} Rd6 70. Qf8+ Ke6 71. Qe8+ Kd5 72. Qe4+ Kc5 73. Ke5 Rb6 74. Qc2+ Kb4 75. Qb2+ Kc5 76. Qc3+ Kb5 77. Kd5 {White wants to mate with Qc4+.} Ka6 78. Qc8+ Ka7 79. Kc5 Rb7 80. Kc6 {[%csl Gc6][%cal Rc8b7]} Rb6+ 81. Kc5 Rb7 82. Qd8 {White is clearly winning.} Rb1 83. Qd7+ Rb7 84. Qa4+ Kb8 85. Qe8+ Ka7 86. Qxg6 {Precision: White = 65%, Black = 40%.} 1-0

[Event "HUN-chT 2017-18"]
[Site "Budapest"]
[Date "2018.05.05"]
[Round "8"]
[White "Fendrik, Lajos"]
[Black "Petenyi, Tamas"]
[Result "0-1"]
[WhiteElo "2206"]
[BlackElo "2448"]
[Annotator "TA"]
[PlyCount "76"]
[EventDate "2018.??.??"]
[EventType "team-tourn"]
[EventCountry "HUN"]
[SourceTitle "playchess.com"]
[Source "ChessBase"]
[SourceQuality "1"]

{[%evp 12,76,36,29,26,18,33,30,35,25,37,40,56,43,62,45,75,67,68,70,83,100,232,227,221,155,273,251,255,123,112,140,136,127,189,102,161,122,115,113,153,126,150,-53,123,143,154,134,136,138,156,144,160,160,169,147,141,152,131,39,62,0,0,-1042,-1022,-29998,-29999]} 1. Nf3 g6 2. e4 Bg7 3. d4 d6 4. Bc4 Nf6 5. Qe2 O-O 6. Nbd2 c6 7. O-O {LiveBook: 3 Games. B07: Pirc Defence: Miscellaneous Systems} Qc7 (7... Nbd7 8. e5 dxe5 9. dxe5 Nd5 10. Re1 e6 11. c3 Qc7 12. a4 b6 13. Nb3 Bb7 14. a5 c5 {1-0 (54) Mousavi,S (2412)-Firouzja,A (2470) Teheran 2017}) 8. Rd1 $146 ({Predecessor:} 8. e5 Nd5 9. exd6 Qxd6 10. Re1 Re8 11. Ne4 Qc7 12. Nc3 Be6 13. Ng5 Nxc3 14. bxc3 Bd5 15. Bxd5 cxd5 {1-0 (48) Benderac,A (2293)-Bokan,J (2074) Vrnjacka Banja 2006}) 8... e5 9. dxe5 {White is slightly better.} dxe5 10. b3 b5 11. Bd3 $1 Nbd7 12. a4 b4 13. Nc4 Nh5 14. Qe1 Rb8 15. Bf1 $36 {[%mdl 2048] White fights for an advantage.} Nc5 16. Bb2 f5 (16... Bg4 $16) 17. exf5 e4 {aiming for ...Bxb2.} 18. Bxg7 Qxg7 (18... Nxg7 $16 {was worth a try.} 19. Nd4 Bxf5) 19. Nfe5 $18 gxf5 20. Qe3 (20. Rd6 $18) 20... Ne6 $16 21. Nxc6 Rb7 22. Kh1 Rc7 (22... Nf6 $16) 23. Nd4 (23. Nxb4 $18 {Strongly threatening Nd6.} Nf6 24. Qg3) 23... Ng5 (23... Kh8 $16 24. Nb5 Rc5) 24. Qe2 Qh6 25. Nb5 Rg7 {...Nf3! is the strong threat.} 26. Rd6 Nf6 27. Rad1 $2 (27. Qe3 $16) 27... f4 $2 (27... Nf3 $1 $15 28. gxf3 Qg5) 28. Ne5 Nf3 29. Nxf3 ({And not} 29. gxf3 Qg5 $11) 29... exf3 30. Qc4+ $1 Kh8 {( -> ...fxg2+)} 31. Rd8 (31. Qxb4 {leads to mate.} fxg2+ 32. Bxg2 Rxg2 $1 {[%mdl 512]} 33. Kxg2 Qh3+ 34. Kh1 Qf3+ 35. Kg1 Bh3 36. Qe4 Rg8+ 37. Qg6 Rxg6#) 31... Rgg8 32. Rxf8 ({Don't blunder} 32. Qxc8 $2 fxg2+ 33. Bxg2 Ng4 $19) 32... Qxf8 33. Qxf4 {Black must now prevent g3.} fxg2+ 34. Bxg2 Qg7 {[%csl Gg8][%cal Rg7g2] [#]} 35. Qg3 (35. Rg1 $1 $16) 35... Qe7 36. Qc7 ({White should play} 36. Qd3 $14) 36... Qe2 37. Rf1 $2 {[%mdl 8192] [#]} (37. Qd6 $11 Qxf2 38. Qd2 Rxg2 39. Qxf2 Rxf2 40. Rd8+ Kg7 41. Rxc8) 37... Bh3 $1 $19 {[%mdl 512]} 38. Bxh3 Qf3+ {Precision: White = 42%, Black = 39%.} 0-1

[Event "HUN-chT 2017-18"]
[Site "Budapest"]
[Date "2018.05.05"]
[Round "8"]
[White "Honos, Attila"]
[Black "Kaczur, Florian"]
[Result "0-1"]
[WhiteElo "2199"]
[BlackElo "2471"]
[Annotator "TA"]
[PlyCount "62"]
[EventDate "2018.??.??"]
[EventType "team-tourn"]
[EventCountry "HUN"]
[SourceTitle "playchess.com"]
[Source "ChessBase"]
[SourceQuality "1"]

{[%evp 15,62,-42,-48,-133,-147,-186,-170,-264,-268,-228,-134,-133,-111,-97,-105,-90,-38,-55,-45,-107,-103,-114,-101,-123,-129,-206,-223,-197,-199,-294,-296,-304,-279,-296,-299,-391,-353,-496,-479,-467,-466,-553,-547,-915,-546,-1068,-1019,-1548,-868]} 1. b4 e5 2. Bb2 Bxb4 3. Bxe5 Nf6 4. e3 O-O 5. Nf3 d5 6. Be2 c5 7. O-O Nc6 8. Bb2 Re8 {LiveBook: 12 Games. A00: Irregular Openings} 9. c4 {[#]} ({White should try} 9. d3 $15) (9. d3 Bg4 10. h3 Bh5 11. Nbd2 Ba5 12. c4 dxc4 13. Nxc4 Bc7 {0-1 (33) Ivanchuk,V (2753)-Giri,A (2734) Leon 2013}) 9... d4 $1 $17 {[%cal Rd4d3]} 10. exd4 cxd4 {aiming for ...d3.Black is clearly better.} 11. Re1 (11. Ne1 $142) 11... Bg4 $19 12. h3 $146 {[#]} ({Predecessor:} 12. a3 Ba5 13. Qb3 Bxf3 14. Qxf3 d3 {0-1 (14) Gonzalez,R (1186)-Gyimesi,J (2007) LSS email 2012}) 12... Bxf3 (12... Bh5 $1 $19 13. g4 Bg6) 13. Bxf3 $17 Qd6 14. Rf1 Ne5 15. d3 Re7 (15... Nxf3+ $17 16. Qxf3 Nd7) 16. a4 a6 17. Ba3 ({Better is} 17. Bc1 $15) 17... Rae8 $40 {[%mdl 128] Black is out for blood.} 18. Bxb4 Qxb4 19. Na3 Qc3 20. Be4 (20. Be2 $17) 20... Nxe4 21. dxe4 Nc6 22. Qf3 (22. Nc2 $142) 22... d3 $19 ({Don't do} 22... Rxe4 23. Qxc3 dxc3 24. Rab1 $19) 23. Rfc1 Qd4 24. Rd1 Nb4 ({Weaker is} 24... Qxe4 25. Qxe4 Rxe4 26. Rxd3 $17) ({Less strong is} 24... Rxe4 25. Qxd3 Qc5 26. Nc2 $17) 25. Rab1 Qc3 26. Ra1 (26. Nc2 {keeps fighting.} Nxc2 27. Rxd3) 26... Rxe4 {Black is clearly winning.} 27. Kh2 g6 28. Rdc1 Qe5+ 29. g3 Qc5 30. Nb1 Re2 31. Kg2 Nc2 {Precision: White = 22%, Black = 77%.} 0-1